logo

Bir Sreshtho Munshi Abdur Rouf Library
Jhenaidah Cadet College

উচ্চ মাধ্যমিক জীবজ্ঞিান (দ্বিতীয় খণ্ড : প্রাণিবিজ্ঞান) / (Record no. 8060)

MARC details
000 -LEADER
fixed length control field 00854nam a2200229 a 4500
001 - CONTROL NUMBER
JCCL Control Number 8060
003 - CONTROL NUMBER IDENTIFIER
JCCL marc code BD-JhCC
005 - DATE AND TIME OF LATEST TRANSACTION
control field 20180218091128.0
008 - FIXED-LENGTH DATA ELEMENTS--GENERAL INFORMATION
fixed length control field 180218s1983 bg a|||| ||a| 000 0 ben d
035 ## - SYSTEM CONTROL NUMBER
system control number (BD-JhCC)8060
040 ## - CATALOGING SOURCE
Original cataloging agency BD-JhCC
Modifying agency BD-JhCC
041 ## - LANGUAGE CODE
Language code of Book ben
082 ## - DEWEY DECIMAL CLASSIFICATION NUMBER
Classification number 574
Author mark and Year AZM 1983
100 ## - MAIN ENTRY--PERSONAL NAME
Personal name আজমল, গাজী এস. এম.
245 ## - TITLE STATEMENT
Title উচ্চ মাধ্যমিক জীবজ্ঞিান (দ্বিতীয় খণ্ড : প্রাণিবিজ্ঞান) /
Statement of responsibility, etc গাজী এস. এম. আজমল এবং গাজী এস. এম. আসমত
260 ## - PUBLICATION, DISTRIBUTION, ETC. (IMPRINT)
Place of publication, distribution, etc ঢাকা :
Name of publisher, distributor, etc গাজী পাবলিশার্স,
Date of publication, distribution, etc 1983
300 ## - PHYSICAL DESCRIPTION
Pagination 595 p. :
Dimensions 22 cm.
650 ## - SUBJECT ADDED ENTRY--TOPICAL TERM
Topical term or geographic name as entry element Biology
700 ## - ADDED ENTRY--PERSONAL NAME
Personal name আসমত, গাজী এস. এম.
942 ## - ADDED ENTRY ELEMENTS (KOHA)
Source of classification or shelving scheme Dewey Decimal Classification
Koha item type Books
Holdings
Source of classification or shelving scheme Damaged status Not for loan Home library Current library Shelving location Date of accession Cost, normal purchase price Total Checkouts Full call number Barcode Date last seen Copy number Koha item type
Dewey Decimal Classification     JCC Rouf Library JCC Rouf Library General Stacks 02/18/2018 56.00   574 AZM 1983 10155 02/18/2018 C - 1 Books

JCC Library | Contacts | JCC Home

Last Update on 23 September 2017
Copyright @ 2017-2020 JCC Rouf Library
Rouf Library, Jhenidah Cadet College (JCC), Bangladesh